000 00591nam a2200193 i 4500
001 17665
003 ES-MaACL
005 20240219213310.0
007 t|
008 010423s1975 sp ||||1| spa d
080 _a929 Franco Bahamonde, Francisco
100 1 _aMeléndez de Arvas, Cecilia.
_979919
245 1 1 _a¿Franco predestinado? /
_cpor Cecilia Meléndez de Arvas.
260 _a[Oviedo :
_bs.n.,
_c1975]
300 _a30 p. ;
_c16 cm.
600 1 4 _aFranco Bahamonde, Francisco,
_d1892-1975
_952240
852 _aES-MaACL
_j2162-F-5
_bR.125567
999 _c17665
_d17665